Регионална библиотека "Любен Каравелов" - Русе

Българската комунистическа партия (Запис номер 176179)

MARC детайли
000 -Лидер
Контролно поле с фиксирана дължина 03289nam a2200541 c 4500
003 - Код на организацията, давaща контролен номер
Контролно поле BLK
005 - Дата и час на последна редакция
Контролно поле 20240426134120.0
008 - Елементи от данни с фиксирана дължина
fixed length control field 180411b bul|||||r ||||||| ||bul||
010 ## - Наследен системен номер
LC control number KNG00184784000
040 ## - Източник на каталожния запис
Идентификатор на билиотеката - собственик на записа BLK
041 ## - Код за език
Код за езика на текст/звукозапис или на отделно заглавие Български
Код за езика КДБФ Български
080 ## - УДК
Текстов определител УДК Политически партии и движения
УДК код - определител по УДК 329
УДК определител (497.2)БКП
УДК - код + определител 329(497.2)БКП
100 1# - Редна дума - Автор
Автор Боев, Борис Димитров
Авторска отговорност първи автор
R(LIN) 377922
139 ## - Редно поле
Редна дума Българската комунистическа партия
Авторски знак Бъл - Б 92
245 10 - Сведения за заглавието
Заглавие Българската комунистическа партия
Подзаглавни данни Ист. справ.
Редно поле (дума) Борис Димитров Боев; * Петко Боев; * Дечо Добринов; * Ставри Георгиев; * Андрей Ив. Данов; * Златко Златев; * Мито Ц. Исусов; Владимир Тихомиров Мигев; * Трендафил Митев; * Георги Г. Наумов; Филип Ламбев Панайотов; * Костадин Петров; * Милен Христов Семков; * Димитър Ив. Сирков; * Стоян Г. Танев; * Крумка Крумова Шарова; състав. и ред. Христо Ж. Кьосев; състав. и ред. Георги Н. Мишков.
257 ## - Страна на издаване
Страна на създаване/издаване България
260 ## - Област на издателските данни
-- София
Име на издателя, разпространителя и проч. Партиздат
Година на издаване 1985
300 ## - Физическа характеристика
Страници 392 с.
Илюстрации и др. с табл.
Размери/Мащаб 21 см
380 ## - Жанр
Жанр Обществени науки
500 ## - Общи забележки
Забележка Други авт. : П. Боев, Д. Добринов, С. Георгиев, А. Данов, З. Златев, М. Исусов, Хр. Кьосев, Вл. Митев, Тр. Митев, Г. Мишков, Г. Наумов, Ф. Панайотов, К. Петров, М. Семков, Д. Сирков, С. Танев, Кр. Шарова, отбелязани на гърба на загл. с. - 15 110 тир.
650 #4 - Допълнително описание по предмет – тема
Основно описание – тема или топоним БКП - история
9 (RLIN) 251670
653 ## - Ключова дума – ненормативна
Ключова дума БКП
653 ## - Ключова дума – ненормативна
Ключова дума история
653 ## - Ключова дума – ненормативна
Ключова дума справочници
700 1# - Други автори (авторска отговорност)
Лично име Боев, Петко
Автороска отговорност (Описва отношението между автора и произведението) *
9 (RLIN) 383305
700 1# - Други автори (авторска отговорност)
Лично име Добринов, Дечо
Автороска отговорност (Описва отношението между автора и произведението) *
9 (RLIN) 364232
700 1# - Други автори (авторска отговорност)
Лично име Георгиев, Ставри
Автороска отговорност (Описва отношението между автора и произведението) *
9 (RLIN) 383315
700 1# - Други автори (авторска отговорност)
Лично име Данов, Андрей Ив.
Автороска отговорност (Описва отношението между автора и произведението) *
9 (RLIN) 340519
700 1# - Други автори (авторска отговорност)
Лично име Златев, Златко
Автороска отговорност (Описва отношението между автора и произведението) *
9 (RLIN) 383316
700 1# - Други автори (авторска отговорност)
Лично име Исусов, Мито Ц.
Автороска отговорност (Описва отношението между автора и произведението) *
9 (RLIN) 340520
700 1# - Други автори (авторска отговорност)
Лично име Мигев, Владимир Тихомиров
9 (RLIN) 366801
700 1# - Други автори (авторска отговорност)
Лично име Митев, Трендафил
Автороска отговорност (Описва отношението между автора и произведението) *
9 (RLIN) 379122
700 1# - Други автори (авторска отговорност)
Лично име Наумов, Георги Г.
Автороска отговорност (Описва отношението между автора и произведението) *
9 (RLIN) 340496
700 1# - Други автори (авторска отговорност)
Лично име Панайотов, Филип Ламбев
9 (RLIN) 382814
700 1# - Други автори (авторска отговорност)
Лично име Петров, Костадин
Автороска отговорност (Описва отношението между автора и произведението) *
9 (RLIN) 382487
700 1# - Други автори (авторска отговорност)
Лично име Семков, Милен Христов
Автороска отговорност (Описва отношението между автора и произведението) *
9 (RLIN) 364802
700 1# - Други автори (авторска отговорност)
Лично име Сирков, Димитър Ив.
Автороска отговорност (Описва отношението между автора и произведението) *
9 (RLIN) 340521
700 1# - Други автори (авторска отговорност)
Лично име Танев, Стоян Г.
Автороска отговорност (Описва отношението между автора и произведението) *
9 (RLIN) 340522
700 1# - Други автори (авторска отговорност)
Лично име Шарова, Крумка Крумова
9 (RLIN) 142818
700 1# - Други автори (авторска отговорност)
Лично име Кьосев, Христо Ж.
Автороска отговорност (Описва отношението между автора и произведението) състав. и ред.
9 (RLIN) 383304
700 1# - Други автори (авторска отговорност)
Лично име Мишков, Георги Н.
Автороска отговорност (Описва отношението между автора и произведението) състав. и ред.
9 (RLIN) 340492
852 ## - Местоположение
Форматна сигнатура Цб 138229
856 4# - Електронен адрес и достъп
Електронен формат pdf - файл
Път до файла /url/
856 4# - Електронен адрес и достъп
Електронен формат pdf - файл
Път до файла /url/
942 ## - АРТИКУЛИ
Вид на библиотечния материал Книги
Скрит в OPAC Не
944 ## - СЪЗДАВАНЕ И РЕДАКЦИЯ на ЗАПИСА
Създаване/Редакция Създаване
Дата на регистрацията/редакция 11.11.2015
Статус, дата на статуса Геновева Генчева
Служител, извършил регистрацията/редакцията 30560
944 ## - СЪЗДАВАНЕ И РЕДАКЦИЯ на ЗАПИСА
Създаване/Редакция Редакция
Дата на регистрацията/редакция 11.11.2015
Статус, дата на статуса 11.11.2015 - от С1,Р / 11.11.2015
Служител, извършил регистрацията/редакцията
999 ## - СИСТЕМНИ КОНТРОЛНИ НОМЕРА
Koha biblionumber 176179
Koha biblioitemnumber 176179
Наличности
Код за отписване Код за изгубен артикул Източник на класификационната схема Код за повреда Коз за рестрикции Код за отдаване Артикулен № Име на библиотеката - собственик Име на библиотеката, в която се намира в момента Статус (Текущо местоположение) Дата на вписване в системата Местоположение - отдел Цена в лева Инвентарен номер Систематично азбучна сигнатура Баркод Номер на екземпляра Цена в евро Служебна бележка Служебен тип на артикула
  Не е изгубен Universal Decimal Classification Не е повреден без рестрикции ползва се в читалня 303262 Регионална библиотека "Любен Каравелов" Русе Регионална библиотека "Любен Каравелов" Русе Хранилище 1985-01-01 Хранилище 2.71 438453 Цб 138229 120000438453 1 1.39 N: стар фонд Дата: 01.01.1985 Книги
Изтеглен Не е изгубен Universal Decimal Classification Не е повреден без рестрикции заемане за дома 303263 Регионална библиотека "Любен Каравелов" Русе Регионална библиотека "Любен Каравелов" Русе Заемна - подръчен фонд 1985-01-01 Заемна - подръчен фонд 0.00 437853 П 329(497.2)/Б 92 437853 2 0.00 N: стар фонд Дата: 01.01.1985 Книги
Vip Innovations Ltd, Rousse, Bulgaria 2025